Bip, el patinador. (Record no. 85552)

MARC details
000 -CABECERA
campo de control de longitud fija 00869ngm a2200181 a 4500
005 - FECHA Y HORA DE LA ÚLTIMA TRANSACCIÓN
campo de control 20210219153825.0
008 - ELEMENTOS DE LONGITUD FIJA--INFORMACIÓN GENERAL
campo de control de longitud fija 010918s1975 mx 008 aaspa d
035 ## - NÚMERO DE CONTROL DEL SISTEMA
Número de control de sistema UPN01000111644
049 ## - COLECCIÓN
Colección AV
050 #4 - SIGNATURA TOPOGRÁFICA DE LA BIBLIOTECA DEL CONGRESO
Número de clasificación PVI P 1168
245 00 - MENCIÓN DE TÍTULO
Título Bip, el patinador.
260 ## - PUBLICACIÓN, DISTRIBUCIÓN, ETC.
Lugar de publicación, distribución, etc. México :
Nombre del editor, distribuidor, etc. Películas Ebesa [distribuidor],
Fecha de publicación, distribución, etc. [1975].
300 ## - DESCRIPCIÓN FÍSICA
Extensión 1 videocasete (VHS) (8 min.) :
Otras características físicas son., col.
520 ## - NOTA DE RESUMEN, ETC.
Sumario, etc. Merceau creó a Bip para que fuese su "otro yo silencioso", un Don Quijote que se bate con molinos de viento y enfrenta sus problemas con una sonrisa. Sus contratiempos, situaciones cómicas y decepciones son familiares a todos los espectadores. En esta pantomima vemos a Bip tropezar, luchar por mantener el equilibrio y esforzarse para convertirse en un gran patinador sobre un hielo inexistente
650 #4 - ASIENTO SECUNDARIO DE MATERIA - TERMINO TEMATICO
Término de materia o nombre geográfico como elemento de entrada MIMICA
650 #4 - ASIENTO SECUNDARIO DE MATERIA - TERMINO TEMATICO
Término de materia o nombre geográfico como elemento de entrada PATINAJE
905 ## - TIPO DE MATERIAL
Tipo de material Audiovisuales
Holdings
Estado de retiro Estado de pérdida Fuente del sistema de clasificación o colocación Estado dañado No para préstamo Código de colección Localización permanente Ubicación/localización actual Ubicación en estantería Total de préstamos Clasificación Código de barras Fecha visto por última vez Número de copia Tipo de ítem Koha
    Library of Congress Classification     Audiovisuales Bib. Gregorio Torres Quintero Bib. Gregorio Torres Quintero Audiovisual   PVI P 1168 168743 31/12/2020 1 Videocasete